Bayern Monachium skład 21/22 - Statystyki

Ogólne statystyki
  • Ten quiz został rozwiązany 598 razy
    556 od ostatniego zresetowania
  • Średni wynik to 14 z 27
Statystyki odpowiedzi
Pozycja Zawodnik % Poprawnych
Bramkarz Neuer
98%
Napastnik Lewandowski
94%
Pomocnik Kimmich
87%
Napastnik Muller
83%
Napastnik Sane
83%
Napastnik Gnabry
82%
Napastnik Coman
77%
Pomocnik Goretzka
75%
Obrońca Davies
73%
Obrońca Upamecano
71%
Obrońca Pavard
68%
Obrońca Sule
64%
Pomocnik Musiala
63%
Bramkarz Ulreich
63%
Obrońca Hernandez
59%
Napastnik Choupo-Moting
47%
Pomocnik Sabitzer
38%
Pomocnik Tolisso
36%
Obrońca Sarr
32%
Obrońca Stanisic
25%
Pomocnik Roca
22%
Obrońca Nianzou
19%
Obrońca Richards
18%
Bramkarz Fruchtl
14%
Pomocnik Tillman
11%
Pomocnik Wanner
10%
Napastnik Copado
4%
Nie znaleziono quizów pasujących do podanych kryteriów
Rozkład punktacji
Procent ludzi z każdym wynikiem
Percentyl według liczby udzielonych odpowiedzi
Twoja historia wyników
Nie rozwiązałeś tego quizu od ostatniego zresetowania